Central Library OPAC University of Rajshahi

দর্শনের ভূমিকা / (Record no. 84923)

MARC details
000 -LEADER
fixed length control field 00668nam a2200217 a 4500
001 - CONTROL NUMBER
control field 84923
003 - CONTROL NUMBER IDENTIFIER
rucl marc code BD-RjUL
005 - DATE AND TIME OF LATEST TRANSACTION
control field 20250513152328.0
008 - FIXED-LENGTH DATA ELEMENTS--GENERAL INFORMATION
fixed length control field 250513s1975 bg ||||| |||| 00| 0 ben d
035 ## - SYSTEM CONTROL NUMBER
System control number (BD-RjUL)84923
040 ## - CATALOGING SOURCE
Original cataloging agency BD-RjUL
Language of cataloging eng
Transcribing agency BD-RjUL
041 ## - LANGUAGE CODE
Language code of text/sound track or separate title ben
082 ## - DEWEY DECIMAL CLASSIFICATION NUMBER
Edition number 23
Classification number 100
Author mark and year ALD 1915
100 ## - MAIN ENTRY--PERSONAL NAME
Personal name আলম, রশীদুল
245 ## - TITLE STATEMENT
Title দর্শনের ভূমিকা /
Statement of responsibility, etc. রশীদুল আলম
260 ## - PUBLICATION, DISTRIBUTION, ETC. (IMPRINT)
Place of publication, distribution, etc. বুগুড়া :
Name of publisher, distributor, etc. সাহিত্য কুটির,
Date of publication, distribution, etc. ১৯৭৫
300 ## - PHYSICAL DESCRIPTION
Pagination ৪৮২ পৃ;
Size ২২ সেমি.
650 ## - SUBJECT ADDED ENTRY--TOPICAL TERM
Topical term or geographic name as entry element দর্শন
Topical term or geographic name as entry element Philosophy
942 ## - ADDED ENTRY ELEMENTS (KOHA)
Source of classification or shelving scheme Dewey Decimal Classification
Koha item type Books
Holdings
Lost status Source of classification or shelving scheme Damaged status Not for loan Collection code Permanent Location Current Location Shelving location Date acquired Source of acquisition Total Checkouts Full call number Date last seen Copy number Koha item type
  Dewey Decimal Classification   Not For Loan Non-fiction Central Library, University of Rajshahi Central Library, University of Rajshahi Reading Room 21/06/1976 Aligarh library, Rajshahi   B 100 ALD 1975 13/05/2025 C-1 Books